<The> Rationale for inclusive innovation in developed economies
Definícia pojmu inovácia začlenenia (inclusive innovation): akákoľvek inovácia, ktorá vedie k cenovo dostupnému kvalitnému tovaru a službám vytvárajúcim príležitosti obživy pre vylúčenú populáciu a nízkopríjmové skupiny obyvateľstva, predovšetkým na základni pyramídy, dlhodobo udržateľným spôsobom a...
Salvato in:
| Autore principale: | |
|---|---|
| Altri autori: | |
| Natura: | Capitolo di libro |
| Lingua: | inglese |
| Soggetti: | |
| Tags: |
Nessun Tag, puoi essere il primo ad aggiungerne!!
|
MARC
| LEADER | 00000nla a2200000 4500 | ||
|---|---|---|---|
| 001 | 0227948 | ||
| 005 | 20240502083614.6 | ||
| 041 | 0 | |a eng | |
| 044 | |a CZ | ||
| 245 | 1 | 0 | |a <The> Rationale for inclusive innovation in developed economies |c Gábor Szüdi, Jaroslava Szüdi |
| 520 | |a Definícia pojmu inovácia začlenenia (inclusive innovation): akákoľvek inovácia, ktorá vedie k cenovo dostupnému kvalitnému tovaru a službám vytvárajúcim príležitosti obživy pre vylúčenú populáciu a nízkopríjmové skupiny obyvateľstva, predovšetkým na základni pyramídy, dlhodobo udržateľným spôsobom a s výrazným presahom. Cieľová skupina inovácií začlenenia v rozvinutých krajinách, relatívna chudoba a ďalšie rozmery chudoby. Nevýhody sociálneho začlenenia z iných politických možností (sociálna, prerozdeľovacia). Výhody inovácií začlenenia. | ||
| 610 | 2 | 0 | |a inovácie sociálne |
| 610 | 2 | 0 | |a začlenenie sociálne |
| 610 | 2 | 0 | |a nerovnosť sociálna |
| 610 | 2 | 0 | |a chudoba |
| 610 | 2 | 0 | |a politika sociálna |
| 610 | 2 | 0 | |a krajiny vyspelé |
| 100 | 1 | |a Szüdi, Gábor | |
| 700 | 1 | |a Szüdi, Jaroslava | |